Acervo sonoro de Chiapas (Registro nro. 437143)
[ vista simple ]
| 000 -LÍDER | |
|---|---|
| Campo fijo de descripción fija | 00982njm a22002297a 4500 |
| 003 - IDENTIFICADOR DEL NÚMERO DE CONTROL | |
| Campo de control | BCEG |
| 005 - FECHA Y HORA DE LA ULTIMA TRANSACCIÓN | |
| control field | 20260326124049.0 |
| 007 - CAMPO FIJO DE DESCRIPCIÓN FIJA--INFORMACIÓN GENERAL | |
| Campo fijo de descripción fija | sd zszg|||z|ee |
| 008 - ELEMENTOS DE LONGITUD FIJA -- INFORMACIÓN GENERAL | |
| Campo fijo de descripción fija -- Información general | 260326q2010 mx ||n|g||||| 00| spa d |
| 040 ## - FUENTE DE CATALOGACIÓN | |
| Agencia de catalogación original | BCEG |
| Idioma de catalogación | spa |
| Agencia que realiza la transcripción | BCEG |
| 084 ## - CLASIFICACIÓN LOCAL | |
| Clasificación local | CDR456 |
| 245 00 - TÍTULO PROPIAMENTE DICHO | |
| Título | Acervo sonoro de Chiapas |
| Otra información sobre el título - Subtitulo | : música de la colección Thomas Stanford |
| Designación General del Material | [DVD-ROM]. |
| 260 ## - PUBLICACIÓN, DISTRIBUCIÓN, ETC. (PIE DE IMPRENTA) | |
| Lugar de publicación, distribución, etc. | México : |
| Nombre del editor, distribuidor, etc. | Instituto Nacional de Antropología e Historia |
| -- | : Consejo Nacional para la Cultura y las Artes, |
| Fecha de publicación, distribución, etc. | [2010]. |
| 300 ## - DESCRIPCIÓN FÍSICA | |
| Extensión | 1 DVD-ROM, son. |
| Otros detalles físicos | : digital, estéreo. |
| 500 ## - NOTA GENERAL | |
| Nota General | Incluye texto, imágenes y audios. |
| 505 ## - NOTA DE CONTENIDO | |
| Título | 1. Introducción -- |
| -- | 2. Estudio -- |
| -- | 3. Galería -- |
| -- | 4. Acervo sonoro. |
| 600 14 - ENCABEZAMIENTO DE MATERIA. AUTOR PERSONAL | |
| Nombre personal | Stanford, Thomas, |
| Fechas asociadas con el nombre | 1929-2018. |
| 650 14 - ASIENTO SECUNDARIO DE MATERIA - TERMINO TEMÁTICO | |
| Término temático o nombre geográfico como elemento de entrada | Música popular mexicana |
| Subdivisión de forma | Materiales de audio. |
| 650 14 - ASIENTO SECUNDARIO DE MATERIA - TERMINO TEMÁTICO | |
| Término temático o nombre geográfico como elemento de entrada | Indios de México |
| Subdivisión general | Vida social y costumbres |
| Subdivisión de forma | Materiales audiovisuales |
| -- | Materiales de enseñanza |
| -- | Materiales electrónicos. |
| 700 1# - ASIENTO SECUNDARIO - NOMBRE PERSONAL | |
| Nombre personal | Torres Medina, Violeta Leticia, |
| Función o responsabilidad del autor | ed. |
| 942 ## - TIPO DE MATERIAL (KOHA) | |
| Tipo de Item KOHA | DVD-ROM |
| No para Préstamo | Colección | Biblioteca de Origen | Biblioteca Permanente | Fecha de Adquisición | Total de Préstamos | Signatura Topográfica | Código de Barras | Última vez visto | Tipo de Material |
|---|---|---|---|---|---|---|---|---|---|
| Material en Reserva | Audiovisual | Biblioteca Central Estatal de Guanajuato, "Wigberto Jiménez Moreno" | Biblioteca Central Estatal de Guanajuato, "Wigberto Jiménez Moreno" | 26/03/2026 | CDR456 | BCEG8655199789 | 26/03/2026 | DVD-ROM |